Oznamovacia povinnosť pri prijatí finančnej pomoci z EÚ

Finančná pomoc z rozpočtu Európskej únie. Pre programové obdobie 2004 - 2006, pre programové obdobie 2007 - 2013. Legislatívna úprava oznamovacej povinnosti. Oznamovacia povinnosť v programovom období 2004 - 2006 a v programovom období 2007 - 2013. Nesplnenie oznamovacej povinnosti.

Salvato in:
Dettagli Bibliografici
Autore principale: Konvalinková, Iveta
Natura: Capitolo di libro
Lingua:slovacco
Soggetti:
Tags: Aggiungi Tag
Nessun Tag, puoi essere il primo ad aggiungerne!!

MARC

LEADER 00000naa$a2200000$$$4500
001 0070821
005 20231013072025.6
041 0 |a slo 
044 |a SK 
245 1 0 |a Oznamovacia povinnosť pri prijatí finančnej pomoci z EÚ  |c Iveta Konvalinková 
520 |a Finančná pomoc z rozpočtu Európskej únie. Pre programové obdobie 2004 - 2006, pre programové obdobie 2007 - 2013. Legislatívna úprava oznamovacej povinnosti. Oznamovacia povinnosť v programovom období 2004 - 2006 a v programovom období 2007 - 2013. Nesplnenie oznamovacej povinnosti. 
610 2 0 |a povinnosť oznamovacia 
610 2 0 |a pomoc finančná 
610 2 0 |a legislatíva 
610 2 0 |a Európska únia 
610 2 0 |a 2004-2006 
610 2 0 |a 2007-2013 
100 1 |a Konvalinková, Iveta